<?xml version="1.0" encoding="UTF-8"?>
<collection xmlns="http://www.loc.gov/MARC21/slim">
 <record>
  <leader>00607nam a22001695a 4500</leader>
  <controlfield tag="001">EHU.bham004174</controlfield>
  <controlfield tag="003">AR-BHAM</controlfield>
  <controlfield tag="005">20070306173705.0</controlfield>
  <controlfield tag="008">130507s1982##################000#0#####d</controlfield>
  <datafield tag="082" ind1="5" ind2="7">
   <subfield code="a">571</subfield>
  </datafield>
  <datafield tag="100" ind1="1" ind2=" ">
   <subfield code="a">Austral, Antonio G.</subfield>
  </datafield>
  <datafield tag="245" ind1="1" ind2="0">
   <subfield code="a">La prehistoria reciente del area metropolitana y del norte de la pcia. de buenos aires /</subfield>
   <subfield code="c">Antonio G. Austral.</subfield>
  </datafield>
  <datafield tag="260" ind1=" " ind2=" ">
   <subfield code="a">Buenos Aires :</subfield>
   <subfield code="b">Cong.internacional De Historia De America.acad.nac. De Hist.,</subfield>
   <subfield code="c">1982</subfield>
  </datafield>
  <datafield tag="300" ind1=" " ind2=" ">
   <subfield code="a">7 p.</subfield>
  </datafield>
  <datafield tag="490" ind1="0" ind2=" ">
   <subfield code="a">Sep. Del Congres., 6, V.3</subfield>
  </datafield>
  <datafield tag="653" ind1=" " ind2=" ">
   <subfield code="a">Arqueologia</subfield>
  </datafield>
  <datafield tag="859" ind1=" " ind2=" ">
   <subfield code="a">AR-BHAM</subfield>
   <subfield code="b">BIB. HUMANIDADES - General</subfield>
   <subfield code="h">571</subfield>
   <subfield code="i">Au78-3</subfield>
   <subfield code="p">114.84</subfield>
   <subfield code="t">Ej.1</subfield>
  </datafield>
 </record>
</collection>
